000 01021cam a2200265 4500
001 ABS67771
008 040407n2004 000 0 eng u
035 _a(Sirsi) u125784
100 _aJones, P.
245 _aFocus on the fringe
260 _c2004
490 _aTown and Country Planning
_vMarch 2004, 79-81(3)
520 _aExamines a consultation exercise on the future of the rural urban fringe being carried out by the Countryside Agency and Groundwork. The consultation paper, "Unlocking the potential of the rural urban fringe", aims to encourage the regeneration of such areas by involving local communities. The paper is available at www.groundwork.org.uk/policy/rufconsultation. The consultation closes 30 April 2004.
590 _aABS
590 _aABS
650 _aURBAN LAND USE
650 _aURBAN REGENERATION
650 _aRURAL LAND
650 _aWASTE LAND
650 _aREDEVELOPMENT
690 _aREGENERATION
700 _aComfort, D.
700 _aHillier, D.
942 _n0
999 _c117181
_d117181